LIBRARY ONLINE CATALOGUE

A Biblical-Theological Introduction to the New Testament: (Record no. 19396)

MARC details
000 -LEADER
fixed length control field 00435nam a22001337a 4500
008 - FIXED-LENGTH DATA ELEMENTS--GENERAL INFORMATION
fixed length control field 220718b |||||||| |||| 00| 0 eng d
020 ## - INTERNATIONAL STANDARD BOOK NUMBER
International Standard Book Number 1433536762
050 ## - LIBRARY OF CONGRESS CALL NUMBER
Classification number BS2330.3
Item number .B53 2016
245 ## - TITLE STATEMENT
Title A Biblical-Theological Introduction to the New Testament:
Remainder of title the gospel realized/
Statement of responsibility, etc. Edited by Michael J. Kruger
260 ## - PUBLICATION, DISTRIBUTION, ETC. (IMPRINT)
Place of publication, distribution, etc. Illinois
Name of publisher, distributor, etc. Crossway
Date of publication, distribution, etc. 2016
300 ## - PHYSICAL DESCRIPTION
Extent 655p.
650 ## - SUBJECT ADDED ENTRY--TOPICAL TERM
Topical term or geographic name as entry element Bible, new testament
Form subdivision Introductions
942 ## - ADDED ENTRY ELEMENTS (KOHA)
Source of classification or shelving scheme Library of Congress Classification
Koha item type General Collection
Holdings
Withdrawn status Lost status Source of classification or shelving scheme Not for loan Home library Current library Date acquired Cost, normal purchase price Total Checkouts Full call number Barcode Date last seen Date last checked out Price effective from Koha item type
    Library of Congress Classification   Kabarak, Main Campus Kabarak, Main Campus 18/07/2022 3900.00 2 BS2330.3 .B53 2016 c.1 031970 11/10/2024 20/09/2024 18/07/2022 General Collection